000 00795nam a2200265 i 4500
001 C2-0335651
003 PPAK
005 20180728135010.0
008 160216s2007 my a|||| ||||| | may d
020 _a9833440312
040 _aPPAK
_beng
_cPPAK
_erda
082 0 4 _a371.337
_223
090 0 0 _a371.337
_bPER
_dK
245 0 0 _aPermainan cepat dan mudah
264 1 _aKuala Lumpur :
_bEdaran Kemajuan (M) Sdn. Bhd. ,
_c2007
300 _a94 pages :
_billustrations ;
_c26 cm
336 _2rdacontent
_atext
337 _2rdamedia
_aunmediated
338 _2rdacarrier
_avolume
490 1 _aSiri permainan kreatif
650 1 0 _aEducational games. ; Activity programs in education.
700 0 _aKhairun Nisa' Bt Zakaria,
_eeditor
830 0 _aSiri permainan kreatif
942 _ddc
_cB
999 _c133782
_d133782